000 01097nam a2200265Ia 4500
999 _c44280
_d44280
003 GCL
005 20240530104041.0
008 140319s9999 xx 000 0 ara d
040 _aGCL /
_cGCL
082 0 4 _a225.6
_bا ت
100 1 _aابن ابى الاصبع : ذكى الدين ابو محمد عبدالعظيم بن عبدالواحد بن ظافر بن عبدالله بن محمد
245 1 0 _aتحرير التحبير فى صناعة الشعر والنثر وبيان اعجاز القرآن /
_cابى الاصبع المصرى ؛تقديم وتحقيق حفنى محمد شرف ؛ اشراف محمد توفيق عويضة
300 _a702
490 _a100 قصة
_v0
650 0 4 _aالاسلام
650 0 4 _aالبلاغة العربية
650 0 4 _aالشعر
650 0 4 _aالنثر
650 0 4 _aالقران - بلاغة
650 0 4 _aالقران - بديع
650 0 4 _aالبلاغة العربية - البديع
700 0 _aمحمد توفيق عويضة
_eمشرف
700 0 _aحنفى محمد شرف
_eمحقق ومقدم
942 _2ddc
_cBK